| 000 | 00905nam a22002057a 4500 | ||
|---|---|---|---|
| 999 |
_c11090 _d11090 |
||
| 003 | AR-CdUCM | ||
| 008 | 190402b ||||| |||| 00| 0 spa d | ||
| 040 |
_aMUNICIPALIDAD PROVINCIAL DEL CUSCO _cBIBLIOTECA MUNICIPAL DEL CUSCO |
||
| 082 |
_a346.946 / _bC346 / 1947 |
||
| 100 |
_aCastán Tobeñas, José _928241 |
||
| 245 |
_aTeoría de la aplicación e investigación del derecho : _bmetodología y técnica operatoria en derecho privado positivo / |
||
| 260 |
_aMadrid : _bReus, _c1947. |
||
| 300 |
_a324 páginas ; _c25 cm. |
||
| 505 | _aContenido: La elaboración del derecho en sus rasgos generales y en su variada morfología -- El método en la elaboración del derecho privado -- Las operaciones que integran la elaboración del derecho ... | ||
| 650 |
_aDerecho civil _97386 |
||
| 650 |
_aInterpretación y aplicación _98705 |
||
| 650 |
_aEspaña _9176 |
||
| 942 |
_2ddc _cLIBROS |
||
| 945 | _acmm | ||